Philosophy of Education : An Anthology /

Antología de escritos que presentan una visión sistemática de la preocupación de la filosofía de la educación y de las dimensiones que atañen a la práctica educativa. Los escritos vienen agrupados en cinco apartados: 1. Naturaleza y significado de la educación; 2. Autoridad educativa; 3. Responsabil...

Fuld beskrivelse

Guardado en:
Bibliografiske detaljer
Hovedforfatter: Curren, Randall (ed.)
Format: Bog
Sprog:engelsk
Udgivet: Malden, EUA : Oxford, Inglaterra : Blackwell, 2007, c2007
Serier:(Blackwell Philosophy Anthologies)
Fag:
Tags: Tilføj Tag
Ingen Tags, Vær først til at tagge denne postø!

MARC

LEADER 00000nam^a2200000^a^4500
001 000265223
005 20250521000000.0
009 20260310110712.342
020 |a 1-4051-3023-7 
037 |a Acervo Xavier Clavigero 
041 |a ING 
082 |a 370. 12  |b CUR 
100 |a Curren, Randall  |e (ed.) 
245 1 0 |a Philosophy of Education :  |b An Anthology /  |c Ed. R. Curren. 
264 4 |a Malden, EUA :  |a Oxford, Inglaterra :  |b Blackwell,  |c 2007, c2007 
300 |a XX, 582 p. 
336 |a texto  |b txt  |2 rdacontenido 
337 |a sin mediación  |b n  |2 rdamedio 
338 |a volumen  |b nc  |2 rdasoporte 
440 1 |a (Blackwell Philosophy Anthologies) 
520 |a Antología de escritos que presentan una visión sistemática de la preocupación de la filosofía de la educación y de las dimensiones que atañen a la práctica educativa. Los escritos vienen agrupados en cinco apartados: 1. Naturaleza y significado de la educación; 2. Autoridad educativa; 3. Responsabilidades educativas; 4. Enseñanza y aprendizaje; 5. Currículum y el contenido de la enseñanza. 
649 |a XX 
650 |a Currículo 
650 |a Práctica Educativa 
650 |a Disciplina Escolar 
650 |a Aprendizaje 
650 |a Axiología de la Educación 
650 |a Filosofía de la Educación -  |x Tema Principal 
650 |a Educación -  |x Teoría 
910 |a Fondo General 
920 |a Impresos - Libros 
930 |a Colección General 
905 |a 101 
901 |a 0500148004  |b IT1  |c ACC  |u 20250521 
902 |a https://opac.biblio.iteso.mx/vufind/Record/000265223